Carranza's clinical periodontology. (12th ed.) (Record no. 30935)

MARC details
000 -LEADER
fixed length control field 00877nam a2200229 a 4500
008 - FIXED-LENGTH DATA ELEMENTS--GENERAL INFORMATION
fixed length control field 170320s2015 ||||||||||||||||| || u
020 ## - INTERNATIONAL STANDARD BOOK NUMBER
International Standard Book Number 9780323188241
050 ## - LIBRARY OF CONGRESS CALL NUMBER
Classification number RK 361 New
100 ## - MAIN ENTRY--PERSONAL NAME
Personal name Newman, Michael G
245 10 - TITLE STATEMENT
Title Carranza's clinical periodontology. (12th ed.)
Statement of responsibility, etc. By Micahel G. Newman, Henry H. Takei, [and] Perry R. Klokkevold
250 ## - EDITION STATEMENT
Edition statement 12th ed.
260 ## - PUBLICATION, DISTRIBUTION, ETC.
Place of publication, distribution, etc. St. Louis Missouri:
Name of publisher, distributor, etc. Elsevier Saunders
Date of publication, distribution, etc. 2015
300 ## - PHYSICAL DESCRIPTION
Extent xxiii, 875p.: ill.
350 ## -
-- 175.00
650 ## - SUBJECT ADDED ENTRY--TOPICAL TERM
Topical term or geographic name entry element PERIODONTAL PROSTHESIS
650 ## - SUBJECT ADDED ENTRY--TOPICAL TERM
Topical term or geographic name entry element ORAL SURGICAL PROCEDURES
650 ## - SUBJECT ADDED ENTRY--TOPICAL TERM
Topical term or geographic name entry element PERIODONTAL DISEASE
650 ## - SUBJECT ADDED ENTRY--TOPICAL TERM
Topical term or geographic name entry element PERIODONTICS
700 ## - ADDED ENTRY--PERSONAL NAME
Personal name Klokkevold, Perry R
700 ## - ADDED ENTRY--PERSONAL NAME
Personal name Takei, Henry H
995 ## -
-- MICHAEL CHILUFYA SATA OPEN ACCESS
-- 903705
-- CBU-SCHOOL OF MEDICINE LIBRARY (Ndola)
-- 175.00
-- RK 361 New
-- 1
-- AVAILABLE
-- Mar 20, 2017
-- 903705
-- Medical Library Open Access Collection
999 ## -
-- 30935
-- 30935
Holdings
Withdrawn status Lost status Source of classification or shelving scheme Damaged status Not for loan Permanent Location Current Location Shelving location Date acquired Total Checkouts Full call number Barcode Date last seen Date last checked out Price effective from Koha item type
          CBU-SCHOOL OF MEDICINE LIBRARY, NDOLA. CBU-SCHOOL OF MEDICINE LIBRARY, NDOLA.   11/30/2022 4 RK 361 New 903705 06/30/2025 06/13/2025 11/30/2022 MONOGRAPH